[Event "23rd ETCC Open 2021"]
[Site "Catez"]
[Date "2021.11.14"]
[Round "3.5"]
[White "Mamedyarov, Shakhriyar"]
[Black "Nisipeanu, Liviu-Dieter"]
[Result "1-0"]
[WhiteElo "2765"]
[BlackElo "2651"]
[Annotator "TA"]
[PlyCount "63"]
[EventDate "2021.11.08"]
[EventType "team-tourn"]
[EventCountry "SLO"]
[SourceTitle "playchess.com"]
[Source "ChessBase"]
[SourceQuality "1"]
[WhiteTeam "Azerbaijan"]
[BlackTeam "Germany"]
[WhiteTeamCountry "AZE"]
[BlackTeamCountry "GER"]

{[%evp 15,63,13,14,18,19,18,14,14,29,5,11,8,33,40,44,38,79,80,80,80,80,64,100,
87,79,77,65,41,24,33,29,21,71,80,71,79,167,117,117,125,158,158,158,158,158,162,
252,225,469,445]} 1. d4 Nf6 2. c4 e6 3. Nf3 d5 4. Nc3 dxc4 5. e4 Bb4 6. Bg5 h6
7. Bxf6 Qxf6 8. Bxc4 c5 9. e5 {D39: Queen's Gambit Declined: Ragozin Defence
with 5 Bg5 dxc4.} Qd8 10. O-O cxd4 11. Ne4 {The position is equal.} Be7 12. Qe2
Nc6 13. Rfd1 {[#]} Qa5 $146 ({Predecessor:} 13... a6 14. Ng3 O-O 15. Qe4 Bd7
16. h4 Na5 17. Bd3 g6 18. h5 Bc6 19. Qg4 g5 20. Nxd4 {1-0 (57) Sarana,A (2657)
-Maghsoodloo,P (2676) Europe Echecs INT 2020}) 14. Ned2 {[%mdl 1024] White has
compensation.} Bd7 15. a3 Bg5 16. b4 {[%cal Bb2b4,Bb4b5][%mdl 32]} Qc7 17. b5
Na5 18. Bd3 Rc8 19. Nxg5 hxg5 20. g3 Ke7 21. Re1 f5 22. Nf3 Nb3 23. Rab1 g4 24.
Rxb3 gxf3 25. Qxf3 Qa5 (25... a6 $16) 26. Rb4 {[%cal Bb3b4,Bb4d4,Bd4a4][%mdl
32]} Qxa3 27. Rxd4 {Black must now prevent Rd1.} Rc1 {[#]} 28. Rxc1 Qxc1+ {[#]}
29. Bf1 $1 Rc8 30. Qxb7 Rc7 (30... Qc7 $142 31. Qa6 Qc5) 31. Qb8 $18 Bc8 $2 (
31... Kf7 32. h4 Qa1) 32. Ra4 {Weighted Error Value: White=0.04/Black=0.27} ({
Less strong is} 32. b6 axb6 33. Qxb6 Kf7 $16) 1-0

[Event "23rd ETCC Open 2021"]
[Site "Catez"]
[Date "2021.11.14"]
[Round "3.6"]
[White "Donchenko, Alexander"]
[Black "Radjabov, Teimour"]
[Result "1/2-1/2"]
[WhiteElo "2645"]
[BlackElo "2763"]
[Annotator "TA"]
[PlyCount "65"]
[EventDate "2021.11.08"]
[EventType "team-tourn"]
[EventCountry "SLO"]
[SourceTitle "playchess.com"]
[Source "ChessBase"]
[SourceQuality "1"]
[WhiteTeam "Germany"]
[BlackTeam "Azerbaijan"]
[WhiteTeamCountry "GER"]
[BlackTeamCountry "AZE"]

{[%evp 16,65,24,15,13,8,12,12,11,5,23,11,21,12,16,28,26,28,23,29,31,0,13,-1,0,
0,0,0,0,0,0,0,-2,-6,0,-11,-6,-8,-16,-17,0,0,0,-10,0,-7,0,0,0,-8,0,-10]} 1. d4
Nf6 2. c4 e6 3. Nc3 Bb4 4. Nf3 c5 5. g3 Ne4 6. Qd3 cxd4 7. Nxd4 Qa5 {7...Bxc3+
is more fashionable.} 8. Nb3 Nxc3 9. Nxa5 Ne4+ {[#] E20: Nimzo-Indian: 4 g3
and 4 f3.} 10. Bd2 $1 Bxd2+ {[#]} 11. Qxd2 $1 Nxd2 12. Kxd2 Na6 13. Bg2 Rb8 14.
Rhc1 b6 15. Nb3 Bb7 16. Bxb7 Rxb7 17. Nd4 Ke7 18. a3 {[#]} Rc8 $146 {The
position is equal.} ({Predecessor:} 18... h5 19. b4 Rc8 20. Rc3 d6 21. Rac1 Rd7
22. e4 Nb8 23. f4 a6 24. Ke3 Rdc7 {1/2-1/2 (48) Radev Iordanov,N (2360)-Lukov,
V (2430) Pamporovo 1981}) 19. b4 Rbc7 20. Nb5 Rb7 21. Nd4 Rbc7 22. Nb5 Rb7 23.
Rc3 d6 24. Rac1 Nb8 25. Rd3 Rd7 26. f4 a6 27. Nd4 Nc6 28. e3 Rdc7 29. Rdc3 g6
30. Nb5 Rd7 31. Nd4 Rdc7 32. Nb5 Rd7 33. Nd4 {A rather calm draw.  Weighted
Error Value: White=0.04/Black=0.04} 1/2-1/2

[Event "23rd ETCC Open 2021"]
[Site "Catez"]
[Date "2021.11.14"]
[Round "3.7"]
[White "Mamedov, Rauf"]
[Black "Keymer, Vincent"]
[Result "1/2-1/2"]
[WhiteElo "2673"]
[BlackElo "2639"]
[Annotator "TA"]
[PlyCount "123"]
[EventDate "2021.11.08"]
[EventType "team-tourn"]
[EventCountry "SLO"]
[SourceTitle "playchess.com"]
[Source "ChessBase"]
[SourceQuality "1"]
[WhiteTeam "Azerbaijan"]
[BlackTeam "Germany"]
[WhiteTeamCountry "AZE"]
[BlackTeamCountry "GER"]

{[%evp 24,123,0,14,27,27,21,0,0,0,0,0,0,0,0,-22,-14,-7,-14,-13,0,0,0,0,0,0,0,0,
0,0,0,0,0,0,0,0,0,0,0,0,0,0,0,0,0,0,0,0,0,0,0,0,0,0,0,0,0,0,0,0,0,0,0,0,0,0,0,
0,0,0,30,33,297,243,284,245,280,273,633,596,582,569,421,133,462,416,380,77,
1220,1175,1226,1065,1394,1360,1229,766,601,0,1087,0,640,0]} 1. e4 c6 2. d4 d5
3. Nd2 dxe4 4. Nxe4 Bf5 5. Ng3 Bg6 6. Nf3 Nd7 7. h4 h6 8. h5 Bh7 9. Bd3 Bxd3
10. Qxd3 e6 11. Bd2 Ngf6 12. O-O-O Be7 13. Ne4 Qb6 {B19: Classical Caro-Kann:
4...Bf5 main line.} 14. Nxf6+ Nxf6 15. Qe2 c5 {The position is equal.} 16. dxc5
Bxc5 17. Bc3 {[#]} O-O $146 ({Predecessor:} 17... Bxf2 18. Nd4 Bxd4 19. Bxd4
Qa5 20. Bxf6 gxf6 21. Rh3 Rd8 22. Rxd8+ Qxd8 {0-1 (60) Hambartsumian,Y (2355)
-Saltaev,M (2484) Kallithea 2008}) 18. Bxf6 gxf6 19. Rd3 Rad8 20. Rhd1 Rxd3 21.
Rxd3 {next Ne5! is good for White.} Rd8 22. Ne1 Rxd3 23. Nxd3 Bd6 24. Qg4+ Kh7
25. Qh4 (25. a3 {seems wilder.} f5 26. Qc4 Kg7 27. Qc3+ Kg8 28. Kb1) 25... Kg7
26. Qg4+ Kh7 27. Qa4 f5 28. g4 fxg4 29. Qe4+ Kg8 30. Qxg4+ Kf8 31. Qe4 Qb5 32.
Qd4 Ke7 33. Qxa7 Qg5+ 34. f4 Bxf4+ 35. Kb1 Qd5 {( -> ...Qh1+)} 36. a4 Bd6 (
36... Bc7 {looks sharper.} 37. b4 Bd6 38. a5 Qc6 39. Kc1 e5) 37. a5 {And now
a6 would win.} Qh1+ 38. Ka2 $1 {Hoping for a6.} Qc6 39. Kb1 Qh1+ 40. Ka2 $1
Qd5+ 41. Kb1 $1 Qc6 42. Qg1 Qb5 43. Qa7 $1 Bc7 44. b4 {Threatening Qc5+.} Bd6
45. c4 Qc6 {Strongly threatening ...Qe4!} 46. Qd4 Qh1+ 47. Kc2 Qxh5 $2 {
[%mdl 8192]} (47... Qg2+ $14 48. Kb3 Qf3) 48. Qe4 $18 Kf8 49. Qxb7 Qe2+ 50. Kc3
Be7 $2 (50... Qe3) 51. Qb8+ Kg7 {aiming for ...Bf6+.} 52. Qg3+ Bg5 53. a6 $2 (
53. c5 $18 {and White stays clearly on top.}) 53... e5 $2 {[%mdl 8192]} (53...
Qa2 $16 {is a better chance.}) 54. Qf2 ({Wrong is} 54. Qxe5+ $2 Bf6 $19) 54...
Qd1 55. a7 $2 (55. Nc5 $18 {and the rest is easy.}) 55... e4 $2 {[%mdl 8192] 
[#]} (55... Qa4 $16) 56. Ne5 $1 Qa1+ 57. Kb3 Qd1+ 58. Qc2 Qa1 59. Qc3 Qd1+ 60.
Qc2 ({Stronger than} 60. Ka3 Bd2 $11) (60. Kb2 $142 Qa4 61. b5) 60... Qa1 61.
Qc3 Qd1+ {[#]} 62. Qc2 $2 {Weighted Error Value: White=0.34/Black=0.34} ({
Worse is} 62. Ka3 Bd2 $11) (62. Kb2 $1 $18 Qa4 63. b5) 1/2-1/2

[Event "23rd ETCC Open 2021"]
[Site "Catez"]
[Date "2021.11.14"]
[Round "3.8"]
[White "Bluebaum, Matthias"]
[Black "Abasov, Nijat"]
[Result "1/2-1/2"]
[WhiteElo "2647"]
[BlackElo "2634"]
[Annotator "ChessBase"]
[PlyCount "193"]
[EventDate "2021.11.08"]
[EventType "team-tourn"]
[EventCountry "SLO"]
[SourceTitle "playchess.com"]
[Source "ChessBase"]
[SourceQuality "1"]
[WhiteTeam "Germany"]
[BlackTeam "Azerbaijan"]
[WhiteTeamCountry "GER"]
[BlackTeamCountry "AZE"]
[TimeControl "40/5400+30:1800+30"]

1. d4 Nf6 2. c4 e6 3. g3 d5 4. Bg2 dxc4 5. Qa4+ Nbd7 6. Qxc4 a6 7. Be3 Bd6 8.
Nh3 O-O 9. Qc2 Rb8 10. Nc3 c5 11. Ng5 cxd4 12. Bxd4 b6 13. O-O Qc7 14. Rfd1 h6
15. Nge4 Nxe4 16. Bxe4 Rd8 17. Rac1 e5 18. Be3 Nf6 19. Bg2 Qe7 20. Nd5 Nxd5 21.
Bxd5 Bc5 22. Bxc5 bxc5 23. b3 Be6 24. Bxe6 Qxe6 25. Qxc5 Rxd1+ 26. Rxd1 Rc8 27.
Qd6 Rc2 28. Qxe6 fxe6 29. a4 Rxe2 30. Rd6 Rb2 31. Rb6 Kf7 32. f3 a5 33. Rb5 Kf6
34. h4 h5 35. Kf1 g6 36. Ke1 Ke7 37. Rxe5 Rxb3 38. Kf2 Rb2+ 39. Ke3 Rb3+ 40.
Kf4 Kf6 41. Rxa5 Rb4+ 42. Ke3 Rb3+ 43. Ke2 Rb2+ 44. Ke1 Rb1+ 45. Kd2 Rg1 46.
Ra8 Rxg3 47. a5 Kg7 48. Ke3 Rg1 49. a6 Ra1 50. f4 Ra4 51. Kf3 Kh7 52. Ra7+ Kh6
53. Ke3 Ra1 54. Kd4 Ra4+ 55. Ke5 Ra5+ 56. Kxe6 Ra4 57. Ke5 Ra5+ 58. Kd6 Ra4 59.
Ke5 Ra5+ 60. Kd6 Ra4 61. Ra8 Kg7 62. Kc5 Ra1 63. Ra7+ Kh6 64. Kb6 Rb1+ 65. Kc7
Rc1+ 66. Kd6 Ra1 67. Ke7 Ra4 68. Ra8 Kg7 69. a7 Ra1 70. Kd6 Rd1+ 71. Ke5 Re1+
72. Kd4 Rd1+ 73. Kc3 Ra1 74. Kb2 Ra6 75. Kb3 Ra1 76. Kc3 Ra6 77. Kd4 Ra1 78. f5
gxf5 79. Ke5 Ra4 80. Kxf5 Ra5+ 81. Ke6 Ra1 82. Kd7 Rd1+ 83. Kc6 Rc1+ 84. Kd5
Rd1+ 85. Ke6 Ra1 86. Re8 Rxa7 87. Re7+ Rxe7+ 88. Kxe7 Kg8 89. Kf6 Kh8 90. Kg6
Kg8 91. Kh6 Kh8 92. Kxh5 Kh7 93. Kg5 Kg7 94. h5 Kh7 95. h6 Kg8 96. Kg6 Kh8 97.
h7 1/2-1/2

[Event "23rd ETCC Open 2021"]
[Site "Catez"]
[Date "2021.11.14"]
[Round "3.9"]
[White "Erdos, Viktor"]
[Black "Firouzja, Alireza"]
[Result "0-1"]
[WhiteElo "2615"]
[BlackElo "2770"]
[Annotator "TA"]
[PlyCount "112"]
[EventDate "2021.11.08"]
[EventType "team-tourn"]
[EventCountry "SLO"]
[SourceTitle "playchess.com"]
[Source "ChessBase"]
[SourceQuality "1"]
[WhiteTeam "Hungary"]
[BlackTeam "France"]
[WhiteTeamCountry "HUN"]
[BlackTeamCountry "FRA"]

{[%evp 11,112,2,4,15,15,14,25,11,12,12,17,16,12,8,38,43,39,24,58,25,58,22,33,
24,42,-26,0,-34,-29,-44,-15,-66,-59,-107,-23,-37,-17,-50,-20,-22,-22,-65,-39,
-89,-61,-61,-61,-71,-83,-56,-34,-41,-39,-39,-25,-42,-21,-52,-52,-121,-120,-120,
-50,-58,-52,-57,-66,-135,-139,-141,-141,-144,-120,-119,-112,-104,-104,-104,
-104,-104,-104,-170,-177,-167,-178,-166,-162,-136,-31,-224,-224,-314,-301,-355,
-349,-329,-332,-495,-337,-487,-481,-12175,-7452]} 1. e4 c6 2. Nf3 d5 3. Nc3 Bg4
4. h3 Bxf3 5. Qxf3 e6 6. d4 Nf6 7. exd5 {B11: Caro-Kann: Two Knights Variation.
} cxd5 8. Bd3 Nc6 9. Ne2 {White has an edge.} h6 $5 {[%mdl 4] 9...Bd6 is
becoming the main line. Exploring less charted territory.} 10. c3 Bd6 {[#]} 11.
Bc2 $146 ({Predecessor:} 11. O-O O-O 12. Ng3 Re8 13. Bd2 e5 14. Nh5 Nxh5 15.
Qxh5 e4 16. Bc2 Bc7 17. Rae1 {0-1 (65) Skawinski,A (2358)-Livaic,L (2514)
Pardubice 2021}) 11... Rc8 12. g4 Kd7 13. g5 hxg5 14. Bxg5 Kc7 15. O-O-O Kb8
16. Rdg1 b5 {[%cal Bb7b5,Bb5b4][%mdl 32]} 17. a3 a5 18. Qd3 (18. h4 $14) 18...
Qb6 $11 19. Bxf6 gxf6 20. Rg7 Qb7 21. Rhg1 (21. Rh7 $11) 21... b4 $15 22. a4
Bf8 ({Black should try} 22... f5 $17) 23. Rh7 $1 $11 {[%cal Rh7h8]} Bh6+ 24.
Kd1 f5 25. Rxh8 Rxh8 26. Rg3 Rc8 27. Ke1 bxc3 28. bxc3 Ne7 29. Kf1 Ka7 30. Rg1
Qa6 (30... Qc6 {looks sharper.} 31. Kg2 Rb8 32. h4 Rb2 33. h5 Qc4) 31. Qxa6+
Kxa6 32. Bd3+ Ka7 33. Bb5 Ng8 34. Rg3 Nf6 35. Rd3 (35. f3 $15) 35... Ne4 $17
36. Rd1 Nxc3 (36... Rb8 $17 37. h4 Rh8) 37. Nxc3 $15 Rxc3 $17 {[%mdl 4096]
Endgame KRB-KRB} 38. Be8 $1 Rc7 39. h4 ({White should play} 39. Ke2 $15) 39...
Kb7 40. Rb1+ Kc8 41. h5 Bg7 42. Ke2 {[#]} Kd8 $1 {[%cal Rd8e8]} (42... Bxd4 $6
43. h6 $11) 43. Rb8+ Ke7 {aiming for ...Rc2+.} 44. Bb5 Kf6 ({Of course not} 
44... Bxd4 $6 45. h6 $11) 45. Kd3 Kg5 46. Ra8 (46. Rg8 $17 Kh6 47. Ra8) 46...
Kxh5 $19 47. Rxa5 Kg4 48. Ra6 Kf3 49. Rc6 {[#]} Rb7 50. Rc2 $2 {Loses the game.
} (50. Rd6 $1 $15) 50... Bf6 51. Rb2 (51. Ra2 $142) 51... Bd8 52. Rc2 Ba5 53.
Rc5 {If White can now play Ba6 this consolidates a bit.} Be1 ({Don't take} 
53... Kxf2 54. Ba6 $19) 54. Bc6 (54. Rc1 $142 Bxf2 55. Rc5) 54... Ra7 55. Rb5 (
55. Rc2 {was necessary.}) 55... Rxa4 56. Rxd5 (56. Be8 $142 Ra7 57. Rb2) 56...
Ra3+ {Weighted Error Value: White=0.39/Black=0.15} ({Stronger than} 56... exd5
57. Bxa4 Kxf2 58. Bc6 $11) 0-1

[Event "23rd ETCC Open 2021"]
[Site "Catez"]
[Date "2021.11.14"]
[Round "3.10"]
[White "Vachier-Lagrave, Maxime"]
[Black "Berkes, Ferenc"]
[Result "1/2-1/2"]
[WhiteElo "2766"]
[BlackElo "2676"]
[Annotator "TA"]
[PlyCount "75"]
[EventDate "2021.11.08"]
[EventType "team-tourn"]
[EventCountry "SLO"]
[SourceTitle "playchess.com"]
[Source "ChessBase"]
[SourceQuality "1"]
[WhiteTeam "France"]
[BlackTeam "Hungary"]
[WhiteTeamCountry "FRA"]
[BlackTeamCountry "HUN"]

{[%evp 11,75,14,22,15,33,18,22,16,29,20,21,8,16,20,26,15,19,20,11,12,31,20,27,
10,0,9,33,26,30,0,6,0,0,0,7,7,7,5,0,0,0,0,11,13,20,2,10,7,7,7,8,0,0,0,0,0,0,0,
0,0,0,0,0,0,0,0]} 1. e4 e5 2. Nf3 Nc6 3. Bc4 Nf6 4. d3 Bc5 5. O-O a6 6. c3 Ba7
7. a4 $1 {[%mdl 4] is recently more successful than 7.Bb3. C54: Giuoco Piano:
4 c3 Nf6, main lines with 5 d4 and 5 d3.} O-O 8. Re1 d6 9. h3 Re8 10. Nbd2 Be6
{[#]} 11. Qc2 $146 ({Predecessor:} 11. Bxe6 Rxe6 12. b4 d5 13. Bb2 Nh5 14. b5
Nf4 15. bxc6 Rg6 16. d4 Rxg2+ 17. Kh1 {1/2-1/2 (31) Anand,V (2757)-Giri,A 
(2776) Bucharest 2019}) 11... Qd7 12. Bxe6 Qxe6 13. Nf1 d5 14. Be3 Bxe3 15.
Nxe3 dxe4 16. dxe4 Na5 17. c4 c5 18. Rad1 h6 19. Nd5 {next Nc7 is good for
White.} Rac8 20. Nxf6+ Qxf6 {The position is equal.} 21. Rd7 b6 22. Red1 Nc6
23. R1d6 Re6 24. Qd3 Nd4 25. Rxe6 Qxe6 26. Rd5 Re8 27. Nxe5 {aiming for a5!} f6
28. Ng4 Qxe4 29. Qxe4 Rxe4 $11 {[%mdl 4096] Endgame KRN-KRN} 30. Ne3 Kf7 31. a5
bxa5 32. Rxc5 Nb3 33. Rc7+ Re7 34. Rc6 Re6 $1 {[%cal Re6c6]} 35. Rc7+ Re7 36.
Rc6 Re6 $1 {[%cal Re6c6]} 37. Rc8 Re8 38. Rc7+ {A rather calm draw.  Weighted
Error Value: White=0.05/Black=0.04} 1/2-1/2

[Event "23rd ETCC Open 2021"]
[Site "Catez"]
[Date "2021.11.14"]
[Round "3.11"]
[White "Gledura, Benjamin"]
[Black "Bacrot, Etienne"]
[Result "1-0"]
[WhiteElo "2635"]
[BlackElo "2647"]
[Annotator "TA"]
[PlyCount "75"]
[EventDate "2021.11.08"]
[EventType "team-tourn"]
[EventCountry "SLO"]
[SourceTitle "playchess.com"]
[Source "ChessBase"]
[SourceQuality "1"]
[WhiteTeam "Hungary"]
[BlackTeam "France"]
[WhiteTeamCountry "HUN"]
[BlackTeamCountry "FRA"]

{[%evp 11,75,27,36,15,11,22,22,22,25,29,18,21,21,21,26,25,20,20,29,20,17,11,32,
6,6,0,12,0,0,0,0,0,0,0,0,0,0,0,0,0,0,0,0,0,59,59,59,56,66,78,69,74,75,74,75,74,
86,71,75,88,227,251,239,220,249,233]} 1. d4 d5 2. c4 dxc4 3. Nf3 Nf6 4. e3 e6
5. Bxc4 c5 6. O-O a6 7. Be2 {7.b3 is a critical line. D27: Queen's Gambit
Accepted: Classical main line: 7 e4!? and 7 a4.} Nbd7 8. Nc3 b5 9. d5 {The
position is equal.} exd5 10. Nxd5 Bb7 11. Nxf6+ Qxf6 12. a4 b4 13. Qc2 $5 {
[%mdl 4] Exploring less charted territory.} Be7 14. e4 {[#]} h6 $146 ({
Predecessor:} 14... Qe6 15. Re1 O-O 16. Bc4 Qg6 17. Bf4 Nb6 18. Bf1 a5 19. Bc7
Rac8 20. Bxb6 Qxb6 {1-0 (46) So,W (2776)-Huschenbeth,N (2589) Douglas 2018})
15. Be3 O-O 16. Nd2 a5 17. Rac1 Rfd8 18. f3 Qe6 19. Bb5 Ne5 20. Nc4 Ba6 21.
Bxa6 Rxa6 22. Nxe5 Qxe5 23. b3 Qe6 24. Rfd1 Rad6 25. Rxd6 Rxd6 26. Kf2 ({
Don't blunder} 26. Bxc5 $2 Rc6 $19) 26... Rd8 27. Qc4 Qxc4 ({Black should play
} 27... Qe5 $11) 28. Rxc4 $11 {[%mdl 4096] Endgame KRB-KRB} Rd3 29. Bxc5 Bf6
30. f4 g5 31. e5 Bg7 32. Bb6 Rxb3 33. Bxa5 Rb2+ 34. Kf3 b3 35. Rb4 {aiming for
Rb8+.} Rb1 (35... Ra2 $16 {was called for.}) 36. Rb8+ $18 Kh7 {[#]} 37. Bc3 $1
Rf1+ 38. Ke3 {Weighted Error Value: White=0.02/Black=0.10} 1-0

[Event "23rd ETCC Open 2021"]
[Site "Catez"]
[Date "2021.11.14"]
[Round "3.12"]
[White "Lagarde, Maxime"]
[Black "Kantor, Gergely"]
[Result "0-1"]
[WhiteElo "2647"]
[BlackElo "2566"]
[Annotator "TA"]
[PlyCount "86"]
[EventDate "2021.11.08"]
[EventType "team-tourn"]
[EventCountry "SLO"]
[SourceTitle "playchess.com"]
[Source "ChessBase"]
[SourceQuality "1"]
[WhiteTeam "France"]
[BlackTeam "Hungary"]
[WhiteTeamCountry "FRA"]
[BlackTeamCountry "HUN"]

{[%evp 9,86,0,12,8,4,5,2,0,19,14,15,0,0,0,14,0,0,0,0,0,0,0,0,5,50,54,47,20,13,
0,0,0,0,0,0,-3,-7,-11,-14,-16,-25,-26,-25,-77,-87,-143,-150,-192,-185,-200,
-200,-200,-200,-200,-200,-193,-195,-193,-194,-192,-194,-191,-191,-194,-195,
-262,-281,-6247,-6495,-6095,-6168,-6260,-6216,-6125,-6123,-6083,-5518,-6079,
-5310]} 1. e4 e5 2. Nf3 Nc6 3. Bb5 a6 4. Ba4 Nf6 5. Nc3 {[%cal Bb1c3,Bc3d1,
Bd1e3][%mdl 32]} Be7 6. Bxc6 {C77: Ruy Lopez: 3...a6 4 Ba4 Nf6, unusual lines.}
dxc6 7. a3 O-O 8. d3 {[#] The position is equal.} Qd6 $146 ({Predecessor:} 8...
Bg4 9. h3 Bxf3 10. Qxf3 Nd7 11. Be3 Nc5 12. Qg3 f6 13. Qg4 Qc8 14. O-O-O Qxg4
15. hxg4 {1/2-1/2 (31) Bartel,M (2639)-Esipenko,A (2654) Prague 2020}) 9. Qe2
c5 10. Nd1 b5 11. Ne3 c4 12. dxc4 Nxe4 13. O-O c6 14. cxb5 axb5 15. Nc4 bxc4
16. Qxe4 Qd5 17. Qxe5 Bf6 18. Qg3 c3 19. b3 Bf5 $36 {[%mdl 2048] Black has
good play.} 20. Bg5 Bxg5 21. Qxg5 Bxc2 22. Qxd5 (22. Qe3 {looks sharper.} Rfd8
23. Rfe1 Qxb3 24. Nd4 Qa4 25. Nxc2 Qxc2 26. Rac1) 22... cxd5 23. Nd4 Bg6 24.
Rfc1 Rfc8 25. h4 h5 26. Ra2 (26. f3 $11 {keeps the balance.}) 26... c2 $17 {
Black keeps a firm grip on the game.} 27. Ne2 {[#]} (27. f3 $142) 27... Rab8 $1
{[%cal Rb8b3]} 28. Rb2 {[#]} Rc4 $3 {[%mdl 512]} 29. bxc4 Rxb2 30. cxd5 $19 {
[%mdl 4096] Endgame KRB-KRN} Rb1 31. d6 {[#]} Kf8 $1 32. f3 Bd3 33. Kf2 Ke8 34.
Ke3 Bxe2 35. Rxc2 {KRB-KR} Ba6 36. Rc7 Rd1 37. Rc6 (37. Rc5 $142) 37... Rd3+
38. Ke4 $2 (38. Kf4 Rxa3 39. Rc7) 38... Bb7 {Black is clearly winning.} 39.
Kxd3 Bxc6 40. Kd4 f6 41. Ke3 Kd7 42. Kf4 g6 43. g4 Kxd6 {Weighted Error Value:
White=0.45/Black=0.02} 0-1

[Event "23rd ETCC Open 2021"]
[Site "Catez"]
[Date "2021.11.14"]
[Round "3.13"]
[White "Duda, Jan-Krzysztof"]
[Black "Deac, Bogdan-Daniel"]
[Result "1/2-1/2"]
[WhiteElo "2756"]
[BlackElo "2651"]
[Annotator "TA"]
[PlyCount "99"]
[EventDate "2021.11.08"]
[EventType "team-tourn"]
[EventCountry "SLO"]
[SourceTitle "playchess.com"]
[Source "ChessBase"]
[SourceQuality "1"]
[WhiteTeam "Poland"]
[BlackTeam "Romania"]
[WhiteTeamCountry "POL"]
[BlackTeamCountry "ROU"]

{[%evp 21,99,0,0,0,0,0,0,0,0,17,11,5,13,13,33,17,19,19,20,13,14,17,17,21,18,15,
20,12,14,0,0,0,7,0,16,10,17,20,25,15,8,6,8,0,24,13,38,29,36,0,0,0,31,2,12,0,0,
0,0,0,16,16,22,20,35,22,36,8,22,12,33,0,0,0,0,0,5,0,0,0]} 1. d4 {Dautov,R} Nf6
2. c4 e6 3. Nc3 Bb4 4. Qc2 O-O 5. a3 Bxc3+ 6. Qxc3 b6 7. Bg5 Bb7 8. f3 h6 9.
Bh4 d5 10. cxd5 exd5 11. e3 Re8 12. Bb5 {was the old line (12.Bf2). E32:
Nimzo-Indian: Classical (4 Qc2): 4...0-0.} c6 13. Ba4 Nbd7 14. Ne2 Qe7 15. Bf2
Ba6 {[#]} 16. Qd2 $146 ({Of course not} 16. Bxc6 Rac8 $17) ({Predecessor:} 16.
b4 Rec8 17. Qb2 Bc4 18. Bb3 b5 19. Bxc4 bxc4 20. O-O a5 21. Nc3 Rcb8 22. Rab1
axb4 23. axb4 {1/2-1/2 (42) Seirawan,Y (2630)-Topalov,V (2700) Amsterdam 1996
CBM 052 [Dautov,R]}) 16... c5 17. Bd1 Rac8 18. Rc1 Bc4 19. O-O cxd4 20. exd4
Bxe2 21. Rxc8 Bxf1 22. Rxe8+ Nxe8 23. Kxf1 Nd6 24. Qc3 Nf8 25. a4 Qd7 26. Bc2
Ne6 27. b3 Kf8 28. Bg3 Ke7 29. Bd3 Qc7 30. Qe1 Qc6 31. Bf2 Kd7 32. Qd2 g5 33.
Kg1 Kc7 34. Bf1 Kb7 35. a5 b5 36. h4 Ka6 37. hxg5 hxg5 38. Bg3 Nb7 39. b4 Nd6
40. Qd3 {[#] Hoping for Bxd6.} Nc4 41. Qf5 Qd7 42. Qf6 Nd6 43. Bd3 Kb7 $1 44.
Qh8 Nc4 45. Qb8+ Ka6 46. Qg8 Nf4 {The position is equal.} 47. Bf1 Ne6 48. Bd3
Nf4 49. Bf1 Ne6 50. Bd3 {Weighted Error Value: White=0.07/Black=0.04} 1/2-1/2